Countries With The Most Valuable Companies - Statistics

General Stats
  • This quiz has been taken 37 times
  • The average score is 14 of 16
Answer Stats
# Country % Correct
11 China
100%
3 France
100%
2 Germany
100%
60 United States
100%
5 United Kingdom
97%
2 Japan
95%
2 Canada
92%
2 Spain
92%
1 India
89%
2 South Korea
89%
3 Netherlands
81%
3 Switzerland
78%
1 Saudi Arabia
76%
1 Taiwan
68%
1 United Arab Emirates
65%
1 Denmark
57%
No matching quizzes found
Score Distribution
Percent of People with Each Score
Percentile by Number Answered
Your Score History
You have not taken this quiz